U.S. Vice Presidential Trivia - Statistics

General Stats
  • This quiz has been taken 12,891 times
    7,043 since last reset
  • The average score is 12 of 20
Answer Stats
Hint Answer % Correct
The only female Vice President Kamala Harris
98%
The first Vice President of the U.S. John Adams
93%
While serving as VP, Aaron Burr shot this person in a duel Alexander Hamilton
84%
Vice President who succeeded the above Gerald Ford
74%
Author of the book "Hillbilly Elegy" J. D. Vance
74%
Politician whose famous "Checkers" speech helped him to be elected Vice President in 1952 Richard Nixon
74%
State that Joe Biden represented when he was a Senator Delaware
72%
Government agency that George H. W. Bush ran before becoming Veep CIA
67%
Al Gore's climate change documentary An {Inconvenient} Truth
59%
Vice President who resigned in 1973 Spiro Agnew
58%
Former VP who ran who against Ronald Reagan in 1984 but lost 49 of 50 states Walter Mondale
58%
Other than Aaron Burr, the only Veep to have shot someone while in office Dick Cheney
54%
Former "Seinfeld" actress who starred in the TV series "Veep" Julia Louis-Dreyfus
54%
Food that Dan Quayle had trouble spelling Potato
50%
Crime that both Aaron Burr and John Breckinridge were charged with Treason
47%
City in Alaska which is named after a Vice President Fairbanks
46%
Second lady who campaigned to have warning labels placed on music with explicit lyrics {Tipper} Gore
46%
Far-left political party who endorsed former Vice President Henry A. Wallace when he ran for President in 1948 American Communist Party
42%
Veep who had the initials HHH Hubert H. Humphrey
42%
VP who avoided controversy by never meeting with women without another person present Mike Pence
42%
No matching quizzes found
Score Distribution
Percent of People with Each Score
Percentile by Number Answered
Your Score History
You have not taken this quiz since the last reset